000 01373nam a2200301 a 4500
001 BRCA_4982
005 20190320204903.0
008 281010s1697----sp-######v---#000-0#spa-#
041 _aspa
044 _amx
084 _aDOC59
_b.D63
_c1697
245 1 0 _aDocumento firmado por el [Rey Carlos III]
_cCarlos III.
260 _aMadrid
_c1697
300 _a[1] foja
_c30 x 21 cm
500 _aDocumento firmado el 26 de marzo de 1697
500 _aInstructivo dirigido a las autoridades religiosas para que los arzobispos, obispos y provinciales de religiones, faciliten la ejecución de los informes pedidos sobre el número y rentas de conventos de religiosas y religiosos
500 _aEl documento tiene la leyenda DOC. #69
500 _a[Real cédula] firmada como ´Yo el Rey´
500 _aPapel con marca de agua
500 _aEstado de conservación: Contiene dobleces en las esquinas e injerto en el margen izquierdo
506 0 _aFondo reservado: para su consulta es necesario credencial de usuario y carta de motivos
546 _aTexto en: español de finales del siglo XVII
600 1 4 _aCarlos
_bII
_cRey de España
_d1661-1700
_912685
651 4 _aEspaña
_vImpreso con rúbricas
_xHistoria
_yCasa de Austria, 1516-1700
_912599
651 4 _aMéxico
_vImpreso con rúbricas
_xHistoria
_yColonia, 1521-1821
_912600
902 _aFDH
942 _2lcc
_cD
999 _c4676
_d4676